000 00434nam a2200157Ia 4500
999 _c18738
_d18738
003 OSt
005 20200708094027.0
008 190216s9999||||xx |||||||||||||| ||und||
040 _coclc
082 _a959.503
_bKEN/H
100 _aKennedy, J
_93636
245 0 _aA History Of Malaya /
_cJ Kennedy
260 _bMacmillan,
_c1967.
_aLondon:
300 _a312p
942 _cBK
_2ddc
_h959.503
_iKEN/H
_k959.503
_mKEN/H